| 000 | 00625 a2200229 4500 | ||
|---|---|---|---|
| 005 | 20260414112140.0 | ||
| 008 | 260413b |||||||| |||| 00| 0 eng d | ||
| 020 |
_a9788178246888 _cRs. 995.00 |
||
| 040 | _aMAIN | ||
| 082 |
_a305.56880954 _bR199D |
||
| 100 | _aRawat, Ramnarayan S, ed. | ||
| 245 | _aDalit journeys for dignity: Religion, freedom, and caste | ||
| 260 |
_bPermannt Black _c2025 _aRanikhet |
||
| 300 | _axiv, 316 | ||
| 650 | _aSociology | ||
| 650 | _aSocial Groups | ||
| 650 | _aScheduled Castes | ||
| 650 | _aIndia | ||
| 700 | _aSatyanarayan, K ed. | ||
| 700 | _aMohan, P Sanal ed. | ||
| 942 | _cBK | ||
| 999 |
_c395233 _d395233 |
||